Bob Marley songs - Statistics

General Stats
  • This quiz has been taken 416 times
  • The average score is 16 of 50
Answer Stats
Rank Song % Correct
5 Three Little Birds
83%
6 Buffalo Soldier
76%
2 One Love
74%
7 No Woman No Cry
71%
33 No Woman, No Cry
71%
22 Jammin'
69%
26 Jammin
69%
9 Jamming
69%
8 Could You Be Loved
67%
11 Redemption Song
65%
3 Is This Love
63%
10 I Shot the Sheriff
59%
12 Exodus
57%
18 Get Up Stand Up
49%
29 Get Up, Stand Up
49%
1 Stir It Up
49%
13 Waiting in Vain
42%
19 Kaya
39%
40 War
37%
16 Natural Mystic
34%
4 Sun Is Shining
32%
36 Africa Unite
29%
21 Concrete Jungle
28%
15 Satisfy My Soul
28%
38 Trenchtown Rock
28%
41 Trench Town Rock
28%
27 Easy Skanking
27%
47 Roots, Rock, Reggae
25%
20 Turn Your Lights Down Low
23%
17 Iron Lion Zion
22%
24 Small Axe
17%
39 Kinky Reggae
16%
48 One Drop
16%
32 400 Years
15%
14 Lively up Yourself
15%
23 Soul Rebel
15%
43 Burnin' and Lootin'
12%
42 African Herbsman
11%
35 So Much Trouble in the World
11%
44 Don't Rock My Boat
10%
34 Mr. Brown
10%
28 Duppy Conqueror
8%
30 Put It On
7%
50 Stand Alone
6%
25 Keep on Moving
5%
37 Mellow Mood
5%
31 Bad Boys
4%
45 All in One
2%
46 Caution
2%
49 Do It Twice
1%
No matching quizzes found
Score Distribution
Percent of People with Each Score
Percentile by Number Answered
Your Score History
You have not taken this quiz